000 01184nam a2200325 a 4500
003 BLK
005 20230630100925.0
008 180412b bul|||||r ||||||| ||bul||
010 _aKNG00003081000
040 _aBLK
041 _aBUL
_cBUL
080 _aАмериканска литература (на САЩ)
_b821.111(73)
_x-312.4
_z821.111(73)-312.4
100 1 _aКунц, Дийн Р.
_eпърви автор
_9242451
139 _aКунц, Дийн Р.
_bК 93
245 1 0 _aМистър Убийство
_bКримин. роман
_cДийн Р. Кунц; прев. от англ. Вилиана Данова.
257 _aUSA
260 _aСофия
_bПлеада
_c1994
_fВраца : Полипринт
300 _a480 с.
_c20 см
380 _aX
490 _aДийн Кунц
_v5
500 _aОриг. загл. Mr. Murder / Dean Koontz ; 7 000 тир.
700 1 _aДанова, Вилиана
_eпрев. от англ.
_9245332
852 _aЦб 176690
_bЦб
856 4 _qpdf
_u
856 4 _qpdf
_u
942 _cKNG
_n0
944 _aCR
_c15.01.2003
_kНаталия_Медовщикова
944 _aED
_c16.02.2006
999 _c2135
_d2135
999 _d2135